Protein-based films and coatings

Presents detailed information on protein-based biopolymer films and coatings. This work provides an overview of the design, technology, properties, functionality, and applications of biopolymer films and coatings (edible and inedible) from plant and animal proteins. It also discusses commercialized...

Deskribapen osoa

Gorde:
Xehetasun bibliografikoak
Formatua: Liburua
Hizkuntza:Undetermined
Argitaratua: Boca Raton CRC Press 2002
Gaiak:
Etiketak: Etiketa erantsi
Etiketarik gabe, Izan zaitez lehena erregistro honi etiketa jartzen!
Thư viện lưu trữ: Trung tâm Học liệu Trường Đại học Cần Thơ
LEADER 00905nam a2200205Ia 4500
001 CTU_191874
008 210402s9999 xx 000 0 und d
020 |c 179.26 
082 |a 660.63 
082 |b P967 
245 0 |a Protein-based films and coatings 
245 0 |c Edited by Aristippos Gennadios 
260 |a Boca Raton 
260 |b CRC Press 
260 |c 2002 
520 |a Presents detailed information on protein-based biopolymer films and coatings. This work provides an overview of the design, technology, properties, functionality, and applications of biopolymer films and coatings (edible and inedible) from plant and animal proteins. It also discusses commercialized and envisioned applications of protein films. 
650 |a Proteins,Chất đạm 
650 |x Biotechnology,Công nghệ sinh học 
904 |i Trúc 
980 |a Trung tâm Học liệu Trường Đại học Cần Thơ